000 00828nab a2200241 4500
003 BR-BrBNA
005 20240528003440.0
008 240528b bl.||||| |||| 00| 0 por d
040 _aBR-BrBNA
_bpor
072 _aH01 ; F60
_b3500
100 _aPompeu Júnior, Jorgino
100 _aBlumer, Sílvia
245 _aCitrumelos F-80 para a citricultura
_bFisiologia
500 _a4 illus.; 1 table
650 _aCITRICULTURA
650 _aPORTA ENXERTO
650 _aMATERIAL DE PROPAGAÇÃO
650 _aRESISTÊNCIA A DOENÇA
650 _aFISIOLOGIA VEGETAL
773 0 _04769
_9314627
_dBebedouro - SP Grupo Técnico de Assistência e Consultoria em Citrus 2001
_o2024-0879
_tCiência e Pratica (Brazil)
_gv. 6(20) p. 6-7; (Jan-Mar 2006)
_wBR2024001228
942 _cAnalítica
999 _c299803
_d299803